000 00837cam a2200229 4500
001 J3276
008 090401t1965 xxu||||| |||| 00| 0 eng d
035 _a(Sirsi) u54043
041 _aeng
050 _a690.24
110 _aMinistry of Public Building and Works
_9592
245 _aConference: the maintenance of buildings ... sponsored by the Ministry of Public Building and Works and held at the Royal Institute of British Architects ... 5th March 1965.
260 _aLondon
_bMinistry of Public Building and Works
_c1965
300 _aiv,120p. ; 30cm.
350 _a0
650 _aBUILT ENVIRONMENT-BUILDING MAINTENANCE AND REFURBISHMENT
650 _aCONFERENCES
650 _aNATIONAL BUILDING MAINTENANCE CONFERENCE
690 _aBUILDING AND CONSTRUCTION-REPAIRS AND MAINTENANCE
942 _n0
948 _c04/03/1997
999 _c93404
_d93404